000 00222nam a22000857a 4500
008 170110b xxu||||| |||| 00| 0 eng d
100 _92288
_aAnand. B. R
245 _aABC of school Atlas-6
260 _aNew Delhi
_bHoly Faith
_c2000
999 _c5185
_d5185